[Event "Fuerteventura-ch"]
[Site "Puerto del Rosario"]
[Date "2023.03.26"]
[Round "3.3"]
[White "Lerma Gonzalez, Ricardo"]
[Black "Martin Casanas, Juan Miguel"]
[Result "0-1"]
[WhiteElo "1786"]
[BlackElo "1664"]
[PlyCount "65"]
[EventDate "2023.03.25"]
[EventType "swiss"]
[EventRounds "7"]
[EventCountry "ESP"]
[SourceTitle "EXT 2024"]
[Source "ChessBase"]
[SourceDate "2023.10.10"]
[SourceVersion "1"]
[SourceVersionDate "2023.10.10"]
[SourceQuality "1"]

1. e4 e6 2. d4 d5 3. Nd2 Nf6 4. e5 Nfd7 5. Bd3 c5 6. c3 Nc6 7. Ne2 Qb6 8. Nf3 Be7 9. 0-0 0-0 10. Nf4 Re8 11. Re1 Nf8 12. Nh5 Ng6 13. Bc2 Bd7 14. Qd2 cxd4 15. cxd4 Bb4 16. Nf6+ gxf6 17. Qh6 Be7 18. Nh4 f5 19. Nxg6 fxg6 20. h4 Qxd4 21. h5 Qh4 22. Bd1 Bf8 23. Qe3 Bg7 24. f4 d4 25. Qd2 gxh5 26. Rf1 Rf8 27. b4 a6 28. Bb2 Rad8 29. a4 Ne7 30. Rf3 Ng6 31. Bc1 Bh6 32. Bb3 Nxe5 33. Rh3 0-1

[Event "Fuerteventura-chT"]
[Site "Fuerteventura"]
[Date "2023.02.05"]
[Round "4.1"]
[White "Lerma Gonzalez, Ricardo"]
[Black "De Vera Hormiga, Damian Jose"]
[Result "1-0"]
[WhiteElo "1784"]
[BlackElo "1438"]
[PlyCount "89"]
[EventDate "2023.01.15"]
[EventType "team-tourn"]
[EventRounds "7"]
[EventCountry "ESP"]
[SourceTitle "EXT 2024"]
[Source "ChessBase"]
[SourceDate "2023.10.10"]
[SourceVersion "1"]
[SourceVersionDate "2023.10.10"]
[SourceQuality "1"]
[WhiteTeam "Herbania II"]
[BlackTeam "Dragones II"]
[WhiteTeamCountry "ESP"]
[BlackTeamCountry "ESP"]

1. e4 d6 2. d4 Nf6 3. Nc3 g6 4. Bg5 Bg7 5. Qd2 Nbd7 6. f4 c5 7. d5 a6 8. a4 Qb6 9. Rb1 Qa5 10. Nge2 b5 11. axb5 axb5 12. Ng3 b4 13. Nd1 Nb6 14. Be2 Bg4 15. 0-0 Bxe2 16. Qxe2 c4 17. Ne3 Qc5 18. Kh1 Ra2 19. Qf3 Nh5 20. Nxh5 gxh5 21. Nf5 Bxb2 22. Bxe7 Nc8 23. Bh4 b3 24. c3 Ba3 25. Ng7+ Kd7 26. Nxh5 Kc7 27. Nf6 Kb6 28. Bf2 Rxf2 29. Qxf2 Qxf2 30. Rxf2 Na7 31. Rf3 Nb5 32. e5 Nc7 33. Rh3 h6 34. g4 Kc5 35. Rd1 Kb6 36. Ne4 dxe5 37. fxe5 b2 38. d6 Ne6 39. Rf3 Nd8 40. Rf6 Rg8 41. h3 Rg6 42. Rff1 Kc6 43. Nd2 Bxd6 44. exd6 Rxd6 45. Nxc4 1-0

[Event "Canarias-chT Honor"]
[Site "Spain"]
[Date "2020.02.08"]
[Round "5.2"]
[White "Gilardone, Adriano"]
[Black "Lerma Gonzalez, Ricardo"]
[Result "1-0"]
[WhiteElo "2103"]
[BlackElo "1800"]
[PlyCount "123"]
[EventDate "2020.01.11"]
[EventType "team-tourn"]
[EventRounds "9"]
[EventCountry "ESP"]
[SourceTitle "CBM 195 Extra"]
[Source "ChessBase"]
[SourceDate "2020.05.31"]
[SourceVersion "1"]
[SourceVersionDate "2020.05.31"]
[SourceQuality "1"]
[WhiteTeam "Fundacion La Caja de Canarias"]
[BlackTeam "Herbania"]
[WhiteTeamCountry "ESP"]
[BlackTeamCountry "ESP"]

1. e4 c5 2. c3 d5 3. exd5 Qxd5 4. d4 Nc6 5. Nf3 Nf6 6. Be2 Bg4 7. 0-0 e6 8. h3 Bh5 9. Be3 cxd4 10. Nxd4 Bxe2 11. Qxe2 a6 12. Rd1 Rd8 13. Nd2 Be7 14. N2b3 0-0 15. Nxc6 Qxc6 16. Bd4 Nd5 17. Qf3 Qc7 18. Re1 Bd6 19. Rad1 Rfe8 20. g3 Ne7 21. Rd2 Ng6 22. Qe3 Qc8 23. h4 Bc7 24. h5 Ne7 25. Qg5 e5 26. Bxe5 Bxe5 27. Qxe5 Rxd2 28. Nxd2 h6 29. Nb3 Kf8 30. Nd4 Qd7 31. Qe4 Rc8 32. Qh7 Rc5 33. Qe4 Rxh5 34. Qf4 Kg8 35. Qf3 Rg5 36. Re4 Ng6 37. Qe2 Kh7 38. Qc2 Qh3 39. Nf3 Rd5 40. Rb4 Qf5 41. Qxf5 Rxf5 42. Nd4 Ra5 43. a3 b5 44. Nb3 Ra4 45. Rxa4 bxa4 46. Nc5 Ne5 47. Nxa4 Nc4 48. Nc5 a5 49. b4 Kg6 50. a4 Kf5 51. Kf1 Ke5 52. Ke2 h5 53. Nb7 axb4 54. cxb4 Kd5 55. a5 g5 56. Nd8 Nd6 57. a6 Nb5 58. Nxf7 g4 59. Kd3 Kc6 60. Ne5+ Kb6 61. Ng6 Kxa6 62. Nf4 1-0

[Event "Canarias-chT"]
[Site "Vecindario"]
[Date "2018.06.02"]
[Round "4.2"]
[White "Lerma Gonzalez, Ricardo"]
[Black "Marrero Cardenes, Agustin"]
[Result "0-1"]
[WhiteElo "1933"]
[BlackElo "2053"]
[PlyCount "58"]
[EventDate "2018.05.31"]
[EventType "team-swiss"]
[EventRounds "6"]
[EventCountry "ESP"]
[SourceTitle "EXT 2019"]
[Source "ChessBase"]
[SourceDate "2018.10.10"]
[SourceVersion "1"]
[SourceVersionDate "2018.10.10"]
[SourceQuality "1"]
[WhiteTeam "Herbania"]
[BlackTeam "Maspalomas"]
[WhiteTeamCountry "ESP"]
[BlackTeamCountry "ESP"]

1. e4 c6 2. c4 d5 3. cxd5 cxd5 4. exd5 Qxd5 5. Nc3 Qa5 6. Nf3 Bg4 7. b4 Qd8 8. h3 Bd7 9. Qc2 Nf6 10. Ne5 Nc6 11. Nxd7 Qxd7 12. a3 e6 13. Bb5 a6 14. Qa4 Rc8 15. Bxc6 Rxc6 16. 0-0 Bd6 17. Bb2 0-0 18. b5 Rb6 19. Ne4 Nxe4 20. Qxe4 Rxb5 21. Bc3 Rg5 22. Rfe1 Bb8 23. f4 Rd5 24. Kh1 Rd8 25. Re2 Ba7 26. Rb1 b5 27. Ba5 Rc8 28. Rbe1 Rc4 29. Qxd5 Qxd5 0-1